| 000 | 00458nam a2200169Ia 4500 | ||
|---|---|---|---|
| 003 | LK-CoDNM | ||
| 008 | 010623t1971 xxu||||| |||| 00| 1 sin d | ||
| 040 |
_aLK-CoDNM _dLK-CoDNM _eLK-CoDNM |
||
| 041 | _asin | ||
| 080 | _aX 398.2 GUN | ||
| 100 | _aGunarathna,A.P. | ||
| 245 | _aරන් කැකිර සහ තවත් කථා | ||
| 246 | _aRan Kakira saha Thawath Katha | ||
| 260 |
_bHansa _aColombo _c1971 |
||
| 300 | _b158p, 18 cm | ||
| 942 | _cBK | ||
| 999 |
_c108615 _d108615 |
||